Geography Quiz

Random Geography or State Quiz

Louisiana Purchase States Quiz Stats

 Plays Quiz Updated Oct 24, 2018

Score 0/15 Timer 01:00
3 Plays Today
States % Correct
Louisiana
91.3%
Kansas
79.8%
Oklahoma
77%
Missouri
76.2%
Texas
76.1%
Arkansas
73.4%
Nebraska
72.5%
North Dakota
70.8%
States % Correct
South Dakota
70.6%
Iowa
63.9%
Colorado
63.4%
Montana
57.6%
Wyoming
54.7%
Minnesota
53.1%
New Mexico
42.6%

You're not logged in!

Compare scores with friends on all Sporcle quizzes.
OR
Log In

Sporcle TV

Today on Sporcle TV


Watch our educational content, quiz creation guides, and fun videos on Sporcle TV.

Show Comments

Extras

Top Quizzes Today


Score Distribution

Your Account Isn't Verified!

In order to create a playlist on Sporcle, you need to verify the email address you used during registration. Go to your Sporcle Settings to finish the process.

Report this User

Report this user for behavior that violates our Community Guidelines.

Details: